000 00366nam a2200157Ia 4500
003 OSt
005 20240127113514.0
008 170523s9999 xx 000 0 und d
020 _a978-9352020362
040 _ciimt university meerut
100 _aREDDY- PN
245 0 _aESSENTIALS OF MANAGEMENT
260 _bHIMALAYA PUBLICATION
260 _c1991
942 _2ddc
_c02
999 _c99
_d99